Handbook of Comparative and Development Public Administration /

Gespeichert in:
Bibliographische Detailangaben
1. Verfasser: Farazmand, Ali (ed.)
Weitere Verfasser: Heady, Ferrel (prólogo) (prólogo), Riggs, Fred W. (prólogo) (prólogo)
Format: Buch
Sprache:Englisch
Veröffentlicht: Nueva York, EUA : Marcel Dekker, 2001, c2001
Boulder, EUA : NetLibrary [distribución], 2002
Ausgabe:2a edición
Schriftenreihe:(Public Administration and Public Policy ; 94)
Schlagworte:
Online-Zugang:Ver documento en línea
Tags: Tag hinzufügen
Keine Tags, Fügen Sie das erste Tag hinzu!

MARC

LEADER 00000nam^a2200000^a^4500
001 000194614
005 20251023000000.0
009 20260310102722.173
020 |a 978-0-5854-0346-5 
037 |a Acervo ITESO - Biblioteca 
041 |a ING 
082 |a 350. 9  |b FAR 
100 |a Farazmand, Ali  |e (ed.) 
245 1 0 |a Handbook of Comparative and Development Public Administration /  |c Ed. de A. Farazmand ; pról. de F. Heady, F.W. Riggs. 
250 |a 2a edición  |b revisada y aumentada 
264 4 |a Nueva York, EUA :  |b Marcel Dekker,  |c 2001, c2001 
264 4 |a Boulder, EUA :  |b NetLibrary [distribución],  |c 2002 
300 |a 1 libro electrónico en línea (XXV, 1124 p.) 
336 |a datos para computadora  |b cod  |2 rdacontenido 
337 |a computadora  |b c  |2 rdamedio 
338 |a recurso en línea  |b cr  |2 rdasoporte 
440 1 |a (Public Administration and Public Policy ;  |v 94) 
506 1 |a 3 licencias 
649 |a XX 
650 |a Administración Pública -  |x Tema Principal 
650 |a Administración Pública -  |x Historia 
650 |a Democratización 
650 |a Políticas Públicas 
650 |a Política Comparada 
650 |a Administración 
650 |a Política 
700 |a Heady, Ferrel  |e (prólogo) 
700 |a Riggs, Fred W.  |e (prólogo) 
856 4 0 |u https://ezproxy.iteso.mx/login?url=https://search.ebscohost.com/login.aspx?direct=true&scope=site&db=nlebk&db=nlabk&AN=68677  |y Ver documento en línea 
910 |a Fondo General 
920 |a Electrónicos - Libros en Línea 
930 |a Plataforma Digital 
905 |a 205 
901 |a 194614-1  |b IT2  |c EBO  |i C143  |u 20250521 
901 |a 194614-2  |b IT2  |c EBO  |i C143  |u 20250521 
901 |a 194614-3  |b IT2  |c EBO  |i C143  |u 20250521 
902 |a https://opac.biblio.iteso.mx/vufind/Record/000194614